Τα αγριολούλουδα της Κάσου : συνθέσεις και χρώματα από την άγρια φύση του ακριτικού νησιού
Αποθηκεύτηκε σε:
| Κύριος συγγραφέας: | |
|---|---|
| Μορφή: | Βιβλίο |
| Γλώσσα: | Greek |
| Δημοσίευση: |
[Θεσσαλονίκη] :
Χημικές Βιομηχανίες Βορείου Ελλάδος,
[χ.χ.]
|
| Θέματα: | |
| Ετικέτες: |
Προσθήκη ετικέτας
Δεν υπάρχουν, Καταχωρήστε ετικέτα πρώτοι!
|
MARC
| LEADER | 00000cam a2200000 a 4500 | ||
|---|---|---|---|
| 001 | 1/122682 | ||
| 008 | 210216n19--####gr | ||| |||| ||gre|| | ||
| 040 | |a GR-MyUa |b gre |c GR-MyUa |e AACR2 | ||
| 041 | 0 | |a gre | |
| 082 | 7 | |a 580.49587 |2 (23) | |
| 100 | 1 | |a Περσελής, Μηνάς Ηλ. | |
| 245 | 1 | 3 | |a Τα αγριολούλουδα της Κάσου : |b συνθέσεις και χρώματα από την άγρια φύση του ακριτικού νησιού / |c Μηνάς Ηλ. Περσελής. |
| 260 | |a [Θεσσαλονίκη] : |b Χημικές Βιομηχανίες Βορείου Ελλάδος, |c [χ.χ.] | ||
| 300 | |a 113 σ. : |b εικ. έγχρ., φωτ. ; |c 30 εκ. | ||
| 500 | |a Με τη συνεργασία του Δήμου Κάσου. | ||
| 650 | 0 | |a Wild flowers |z Greece. | |
| 651 | 0 | |a Kasos (Greece) | |
| 852 | |a INST |b RHODES |e 20210216 |h 580.49587 ΠΕΡ |p 005400041941 |q 005400041941 |t BK |y 0 | ||
| 920 | |a Δωρεά Βιβλιοθήκης |y Ρόδος |z 2021-02 | ||
| 970 | |z 16-02-2021 | ||